Años en el Ande : (Registro nro. 22041)

Detalles MARC
000 -Cabecera
Campo de control interno 00973nam a2200265Ia 4500
005 - Fecha y hora del registro
control field 20260320113336.0
008 - Elementos de Longitud Fija
fixed length control field 260320s9999||||xx |||||||||||||| ||und||
020 ## - ISBN
ISBN 9786124102875
041 ## - Idioma
Codigo Idioma ESP
082 ## - DEWEY y NOTACIÓN INTERNA
Dewey 278.5985
Notación Interna M26
100 ## - AUTOR
Autor denominación Martínez, Emilio,
Término de relación autor
245 #0 - TÍTULO DE MATERIAL BIBLIOGRÁFICO
Título Años en el Ande :
Título paralelo reflexiones y aprendizajes entre Quispicanchi y Cangallo
246 ## - TÍTULO TRADUCIDO
Título
Título paralelo
Autor
250 ## - EDICIÓN
Edición Primera edición
260 ## - CIUDAD, EDITORIAL, AÑO
Ciudad Lima :
Nombre de la Editorial Universidad Antonio Ruiz de Montoya,
Año 2024
300 ## - DESCRIPCIÓN
N° Páginas 130 páginas :
Otros detalles fotografías ;
Dimensiones 19 cm.
Material Adicional
440 ## - MENCIÓN DE SERIE
Título de la Serie (Colección Textos jesuitas)
Número de Serie
Volumen de Serie
650 ## - TEMAS
Temas Religión
653 ## - DESCRIPTORES
Lenguajes no controlado Jesuitas; Sincretismo religioso; Quispicanchi - Cuzco (Perú); Cultura andina
654 ## - PROGRAMAS
Programa Dpto. de Humanidades
700 ## - OTROS AUTORES
Otros autores
Títulos y otras palabras asociadas con el nombre
856 ## - URL - UBICACIÓN
URI/URL: Enlace exacto del recurso <a href="https://0u21ao98x-y-https-go-gale-com.itmsp.museknowledge.com/ps/start.do?p=IFME&u=ucsp&authCount=1&aty=ip">https://0u21ao98x-y-https-go-gale-com.itmsp.museknowledge.com/ps/start.do?p=IFME&u=ucsp&authCount=1&aty=ip</a>
Nota pública: Versión digital <a href="Véase además: Base de datos Gale OneFile Informe Académico ">Véase además: Base de datos Gale OneFile Informe Académico </a>
942 ## - ELEMENTOS DE KOHA
Tipo de documento Libro
Nombre del creador Justo Noguera
Código de catalogador Margarita Torres
Esquema de clasificación Dewey Decimal Classification
Suppress in OPAC
Existencias
Codigo completo Registro Colección Copia número Disponibilidad Tipo de préstamo Biblioteca Actual Procedencia (Biblioteca) Ubicacón Fecha Ingreso Tipo de Adquisición Observación Date last seen Total checkouts Price effective from Tipo de Item Estado del Material Fuente de Clasificación Damaged status Withdrawn status
278.5985 M26 1087276 Universidad Católica San Pablo 1 Disponible Disponible Víctor Andrés Belaunde Víctor Andrés Belaunde Planta baja abierta 10/03/2026 Donación UARM 20/03/2026   20/03/2026 Libro Bueno Dewey Decimal Classification